Statistics for Memphis Grizzlies Top 10 Leaders

Click here to take the quiz!

General Stats

  • This quiz has been taken 527 times
    (232 since last reset)
  • The average score is 10 of 19

Answer Stats

Player% Correct
Ja Morant
96%
Marc Gasol
96%
Pau Gasol
96%
Mike Conley
88%
Jaren Jackson Jr.
84%
Zach Randolph
83%
Dillon Brooks
57%
Tony Allen
54%
Rudy Gay
45%
Shareef Abdur-Rahim
43%
Tyus Jones
43%
Jason Williams
39%
Mike Miller
32%
Mike Bibby
28%
Shane Battier
27%
Bryant Reeves
24%
O.J. Mayo
20%
Stromile Swift
12%
Lorenzen Wright
9%

Score Distribution

Percentile by Number Answered

Percent of People with Each Score

Your Score History

You have not taken this quiz since the last reset